[Event "EYCC Open U10 2021"]
[Site "Tornelo"]
[Date "2021.10.15"]
[Round "6.9"]
[White "Dumbelovic, Novak"]
[Black "Williams, Oscar"]
[Result "1-0"]
[WhiteElo "1688"]
[BlackElo "1405"]
[Annotator "NA RC"]
[PlyCount "87"]
[EventDate "2021.10.15"]
[EventType "swiss"]
[EventCountry "NET"]
[SourceTitle "playchess.com"]
[Source "ChessBase"]
[SourceQuality "1"]
[TimeControl "5400+30"]

1. e4 {[%emt 0:00:30]} c5 {[%emt 0:00:36]} 2. Nf3 {[%emt 0:01:06]} d6 {[%emt 0:00:05]} 3. d4 {[%emt 0:01:02]} cxd4 {[%emt 0:00:05]} 4. Nxd4 {[%emt 0:00:48]} Nf6 {[%emt 0:00:06]} 5. Nc3 {[%emt 0:00:52]} Nc6 {[%emt 0:00:34]} 6. Bg5 {[%emt 0:03:28]} e6 {[%emt 0:00:06]} 7. Qd2 {[%emt 0:05:36]} a6 {[%emt 0:00:08]} 8. O-O-O {[%emt 0:05:05]} Bd7 {[%emt 0:01:06]} 9. f4 {[%emt 0:06:06]} Qc7 {[%emt 0:03:13]} 10. Nxc6 {[%emt 0:05:28]} Bxc6 {[%emt 0:03:33]} 11. Bd3 {[%emt 0:05:32]} b5 {[%emt 0:02:54]} 12. Rhe1 {[%emt 0:06:01]} Rc8 {[%emt 0:03:14]} 13. Bxf6 {[%emt 0:04:34]} gxf6 {[%emt 0:00:13]} 14. Nd5 {[%emt 0:05:40]} Qd8 {[%emt 0:02:41]} 15. g4 {[%emt 0:05:18]} Bg7 {[%emt 0:08:02]} 16. h4 {[%emt 0:05:27]} Kf8 {[%emt 0:02:53]} 17. Ne3 {[%emt 0:05:36]} h5 {[%emt 0:05:11]} 18. Rg1 {[%emt 0:05:28]} hxg4 {[%emt 0:01:21]} 19. Rxg4 {[%emt 0:01:18]} f5 {[%emt 0:12:15]} 20. Rxg7 {[%emt 0:04:47]} Kxg7 {[%emt 0:00:31]} 21. exf5 {[%emt 0:00:22]} e5 {[%emt 0:01:37]} 22. fxe5 {[%emt 0:00:45]} dxe5 {[%emt 0:00:29]} 23. Qh2 {[%emt 0:00:45]} Qc7 {[%emt 0:05:53]} 24. Rg1+ {[%emt 0:01:10]} Kf8 {[%emt 0:00:27]} 25. Qg3 {[%emt 0:00:57]} f6 {[%emt 0:02:53]} 26. Qf2 {[%emt 0:02:46]} Qa7 {[%emt 0:04:02]} 27. Rg6 {[%emt 0:02:54]} Kf7 {[%emt 0:01:40]} 28. Rxf6+ {[%emt 0:01:04]} Ke8 {[%emt 0:01:00]} 29. Re6+ {[%emt 0:00:22]} Kd7 {[%emt 0:00:36]} 30. Re7+ {[%emt 0:00:11]} Kxe7 {[%emt 0:00:18]} 31. Nd5+ {[%emt 0:00:03]} Bxd5 {[%emt 0:00:05]} 32. Qxa7+ {[%emt 0:00:03]} Kd6 {[%emt 0:02:10]} 33. Qxa6+ {[%emt 0:00:11]} Rc6 {[%emt 0:00:22]} 34. Qxb5 {[%emt 0:00:54]} e4 {[%emt 0:02:14]} 35. Qb4+ {[%emt 0:00:22]} Ke5 {[%emt 0:00:44]} 36. Bb5 {[%emt 0:00:32]} Rc7 {[%emt 0:02:23]} 37. Qa3 {[%emt 0:00:17]} Rxh4 {[%emt 0:01:42]} 38. Qg3+ {[%emt 0:00:31]} Rf4 {[%emt 0:00:32]} 39. Kd2 {[%emt 0:01:28]} Kxf5 {[%emt 0:03:59]} 40. Qh3+ {[%emt 0:00:15]} Kg5 {[%emt 0:00:18]} 41. Be2 {[%emt 0:01:03]} e3+ {[%emt 0:09:31]} 42. Qxe3 {[%emt 0:00:42]} Rd7 {[%emt 0:00:26]} 43. Qg3+ {[%emt 0:00:36]} Kf5 {[%emt 0:00:06]} 44. Qh3+ {[%emt 0:00:06]} 1-0

[Event "EYCC Open U10 2021"]
[Site "Tornelo"]
[Date "2021.10.15"]
[Round "6.10"]
[White "Fester, Harel"]
[Black "Karpenko, Anton"]
[Result "1/2-1/2"]
[WhiteElo "1480"]
[BlackElo "1634"]
[Annotator "NA RC"]
[PlyCount "171"]
[EventDate "2021.10.15"]
[EventType "swiss"]
[EventCountry "NET"]
[SourceTitle "playchess.com"]
[Source "ChessBase"]
[SourceQuality "1"]
[TimeControl "5400+30"]

1. e4 {[%emt 0:00:30]} c5 {[%emt 0:00:36]} 2. Nc3 {[%emt 0:00:07]} g6 {[%emt 0:00:04]} 3. f4 {[%emt 0:00:10]} Bg7 {[%emt 0:00:03]} 4. Nf3 {[%emt 0:00:07]} Nc6 {[%emt 0:00:03]} 5. Bb5 {[%emt 0:00:26]} Nd4 {[%emt 0:00:05]} 6. Nxd4 {[%emt 0:00:54]} cxd4 {[%emt 0:00:06]} 7. Ne2 {[%emt 0:00:05]} a6 {[%emt 0:00:46]} 8. Bd3 {[%emt 0:00:10]} e6 {[%emt 0:00:48]} 9. O-O {[%emt 0:01:07]} d5 {[%emt 0:00:24]} 10. e5 {[%emt 0:03:15]} Qb6 {[%emt 0:00:49]} 11. Kh1 {[%emt 0:00:51]} Ne7 {[%emt 0:00:30]} 12. c3 {[%emt 0:02:21]} dxc3 {[%emt 0:00:15]} 13. bxc3 {[%emt 0:01:44]} f6 {[%emt 0:00:48]} 14. Rb1 {[%emt 0:02:59]} Qc7 {[%emt 0:00:32]} 15. exf6 {[%emt 0:01:33]} Bxf6 {[%emt 0:00:05]} 16. Bc2 {[%emt 0:01:54]} O-O {[%emt 0:00:17]} 17. d4 {[%emt 0:00:34]} Bd7 {[%emt 0:00:48]} 18. Ba3 {[%emt 0:02:10]} Rf7 {[%emt 0:01:38]} 19. Qd2 {[%emt 0:06:00]} Nc6 {[%emt 0:03:22]} 20. Bc5 {[%emt 0:05:29]} Na5 {[%emt 0:03:08]} 21. Bd3 {[%emt 0:03:45]} b5 {[%emt 0:00:24]} 22. Qc2 {[%emt 0:01:06]} Be7 {[%emt 0:03:13]} 23. Bxe7 {[%emt 0:02:42]} Rxe7 {[%emt 0:00:04]} 24. Rf3 {[%emt 0:03:55]} Nc4 {[%emt 0:03:05]} 25. Rb3 {[%emt 0:02:31]} Rf8 {[%emt 0:01:52]} 26. Rg3 {[%emt 0:02:45]} Bc8 {[%emt 0:01:04]} 27. h4 {[%emt 0:02:53]} Rg7 {[%emt 0:00:36]} 28. h5 {[%emt 0:03:05]} gxh5 {[%emt 0:00:08]} 29. Bxh7+ {[%emt 0:00:17]} Kh8 {[%emt 0:00:16]} 30. Bg6 {[%emt 0:00:33]} Rf6 {[%emt 0:00:59]} 31. Rg5 {[%emt 0:01:19]} h4 {[%emt 0:00:37]} 32. Qd3 {[%emt 0:08:29]} Qe7 {[%emt 0:01:00]} 33. Rg4 {[%emt 0:02:50]} Kg8 {[%emt 0:01:53]} 34. Rb1 {[%emt 0:04:06]} Bd7 {[%emt 0:00:33]} 35. Re1 {[%emt 0:03:01]} Be8 {[%emt 0:00:46]} 36. f5 {[%emt 0:02:14]} exf5 {[%emt 0:03:30]} 37. Bxf5 {[%emt 0:00:11]} Rxg4 {[%emt 0:00:17]} 38. Bxg4 {[%emt 0:00:05]} Bg6 {[%emt 0:00:08]} 39. Qh3 {[%emt 0:03:07]} Be4 {[%emt 0:00:57]} 40. Bf3 {[%emt 0:02:58]} Bxf3 {[%emt 0:00:34]} 41. gxf3 {[%emt 0:00:06]} Rg6 {[%emt 0:00:07]} 42. Qf5 {[%emt 0:00:40]} Rg3 {[%emt 0:01:06]} 43. Qxd5+ {[%emt 0:00:43]} Kg7 {[%emt 0:00:08]} 44. Qe4 {[%emt 0:01:07]} Qxe4 {[%emt 0:01:29]} 45. fxe4 {[%emt 0:00:05]} Re3 {[%emt 0:00:21]} 46. e5 {[%emt 0:01:09]} Nd2 {[%emt 0:01:51]} 47. Rg1+ {[%emt 0:01:33]} Kf7 {[%emt 0:00:10]} 48. Nf4 {[%emt 0:01:50]} Re4 {[%emt 0:02:37]} 49. Rg4 {[%emt 0:03:48]} Nb1 {[%emt 0:02:36]} 50. e6+ {[%emt 0:05:02]} Rxe6 {[%emt 0:00:07]} 51. Nxe6 {[%emt 0:00:05]} Kxe6 {[%emt 0:00:04]} 52. Rxh4 {[%emt 0:00:14]} Nxc3 {[%emt 0:00:06]} 53. Kg2 {[%emt 0:01:57]} Kd5 {[%emt 0:00:44]} 54. Kf3 {[%emt 0:02:07]} Nxa2 {[%emt 0:01:09]} 55. Ke3 {[%emt 0:00:22]} Nb4 {[%emt 0:00:07]} 56. Rh5+ {[%emt 0:00:19]} Kc6 {[%emt 0:01:56]} 57. Ke4 {[%emt 0:00:22]} a5 {[%emt 0:00:25]} 58. Rh6+ {[%emt 0:00:17]} Kc7 {[%emt 0:00:39]} 59. Ke5 {[%emt 0:01:15]} a4 {[%emt 0:00:13]} 60. Rh3 {[%emt 0:01:46]} Nc6+ {[%emt 0:00:59]} 61. Kd5 {[%emt 0:00:31]} Na5 {[%emt 0:05:21]} 62. Rc3+ {[%emt 0:01:47]} Kb6 {[%emt 0:01:31]} 63. Ke6 {[%emt 0:00:55]} b4 {[%emt 0:00:19]} 64. Rc1 {[%emt 0:03:41]} b3 {[%emt 0:00:13]} 65. d5 {[%emt 0:01:25]} b2 {[%emt 0:00:42]} 66. Rb1 {[%emt 0:00:13]} a3 {[%emt 0:00:05]} 67. d6 {[%emt 0:00:05]} Nb7 {[%emt 0:00:18]} 68. Kd5 {[%emt 0:00:34]} Kb5 {[%emt 0:00:06]} 69. d7 {[%emt 0:00:21]} Nd8 {[%emt 0:00:54]} 70. Kd6 {[%emt 0:00:15]} Kb4 {[%emt 0:00:55]} 71. Kc7 {[%emt 0:00:08]} Nf7 {[%emt 0:00:28]} 72. Rf1 {[%emt 0:00:07]} a2 {[%emt 0:01:04]} 73. Rxf7 {[%emt 0:00:21]} a1=Q {[%emt 0:00:08]} 74. d8=Q {[%emt 0:02:30]} Qa7+ {[%emt 0:01:06]} 75. Kd6 {[%emt 0:00:51]} Qxf7 {[%emt 0:00:08]} 76. Qb6+ {[%emt 0:00:06]} Kc3 {[%emt 0:00:57]} 77. Qe3+ {[%emt 0:00:19]} Kc2 {[%emt 0:00:17]} 78. Qe2+ {[%emt 0:00:12]} Kc3 {[%emt 0:00:23]} 79. Qe3+ {[%emt 0:00:11]} Kb4 {[%emt 0:00:10]} 80. Qb6+ {[%emt 0:00:07]} Ka3 {[%emt 0:00:11]} 81. Qa5+ {[%emt 0:00:26]} Kb3 {[%emt 0:00:07]} 82. Qb6+ {[%emt 0:00:34]} Ka2 {[%emt 0:00:56]} 83. Qa5+ {[%emt 0:00:17]} Kb1 {[%emt 0:00:13]} 84. Qe1+ {[%emt 0:00:17]} Kc2 {[%emt 0:00:08]} 85. Qe2+ {[%emt 0:00:11]} Kc3 {[%emt 0:00:04]} 86. Qe3+ {[%emt 0:00:07]} 1/2-1/2

[Event "EYCC Open U10 2021"]
[Site "Tornelo"]
[Date "2021.10.15"]
[Round "6.11"]
[White "Cankurt, Arda"]
[Black "Buchinger, Alexis"]
[Result "1-0"]
[WhiteElo "1356"]
[BlackElo "1614"]
[Annotator "NA RC"]
[PlyCount "147"]
[EventDate "2021.10.15"]
[EventType "swiss"]
[EventCountry "NET"]
[SourceTitle "playchess.com"]
[Source "ChessBase"]
[SourceQuality "1"]
[TimeControl "5400+30"]

1. d4 {[%emt 0:00:30]} d5 {[%emt 0:00:41]} 2. c4 {[%emt 0:00:05]} e6 {[%emt 0:00:09]} 3. Nf3 {[%emt 0:00:05]} Nf6 {[%emt 0:00:14]} 4. g3 {[%emt 0:00:08]} c6 {[%emt 0:00:26]} 5. Bg2 {[%emt 0:00:06]} Bb4+ {[%emt 0:00:28]} 6. Nbd2 {[%emt 0:00:09]} O-O {[%emt 0:00:38]} 7. O-O {[%emt 0:00:07]} Nbd7 {[%emt 0:00:59]} 8. Qc2 {[%emt 0:00:23]} Re8 {[%emt 0:00:43]} 9. a3 {[%emt 0:00:59]} Bd6 {[%emt 0:00:22]} 10. e4 {[%emt 0:00:24]} dxe4 {[%emt 0:01:08]} 11. Nxe4 {[%emt 0:00:33]} Nxe4 {[%emt 0:01:04]} 12. Qxe4 {[%emt 0:00:07]} e5 {[%emt 0:02:37]} 13. dxe5 {[%emt 0:04:26]} Nxe5 {[%emt 0:00:40]} 14. Ng5 {[%emt 0:11:18]} Ng6 {[%emt 0:02:36]} 15. Qd3 {[%emt 0:01:09]} Bg4 {[%emt 0:00:53]} 16. Be3 {[%emt 0:01:32]} Qe7 {[%emt 0:03:13]} 17. h3 {[%emt 0:00:42]} Be2 {[%emt 0:05:14]} 18. Qxe2 {[%emt 0:00:23]} Qxg5 {[%emt 0:00:05]} 19. Qd2 {[%emt 0:05:34]} Qe7 {[%emt 0:03:40]} 20. Rfe1 {[%emt 0:00:36]} Qc7 {[%emt 0:01:32]} 21. c5 {[%emt 0:03:56]} Be5 {[%emt 0:01:19]} 22. f4 {[%emt 0:04:09]} Rad8 {[%emt 0:00:58]} 23. Qc2 {[%emt 0:03:53]} Bf6 {[%emt 0:05:08]} 24. Kh2 {[%emt 0:01:12]} Re7 {[%emt 0:04:21]} 25. Re2 {[%emt 0:05:40]} Rde8 {[%emt 0:01:09]} 26. Rae1 {[%emt 0:00:35]} h5 {[%emt 0:02:04]} 27. h4 {[%emt 0:00:57]} Nxh4 {[%emt 0:02:34]} 28. Bh1 {[%emt 0:09:21]} Ng6 {[%emt 0:00:41]} 29. Bf2 {[%emt 0:01:12]} Rxe2 {[%emt 0:00:18]} 30. Rxe2 {[%emt 0:00:07]} Rxe2 {[%emt 0:01:59]} 31. Qxe2 {[%emt 0:02:27]} Qe7 {[%emt 0:00:47]} 32. Qc2 {[%emt 0:01:57]} h4 {[%emt 0:01:18]} 33. Be4 {[%emt 0:00:39]} Nf8 {[%emt 0:00:36]} 34. b4 {[%emt 0:00:53]} hxg3+ {[%emt 0:01:10]} 35. Bxg3 {[%emt 0:00:16]} Ne6 {[%emt 0:00:13]} 36. Qd3 {[%emt 0:02:47]} Bh4 {[%emt 0:00:31]} 37. Bh7+ {[%emt 0:08:46]} Kh8 {[%emt 0:01:08]} 38. Be4 {[%emt 0:00:24]} Bxg3+ {[%emt 0:00:50]} 39. Qxg3 {[%emt 0:00:44]} Qc7 {[%emt 0:01:20]} 40. f5 {[%emt 0:03:29]} Qxg3+ {[%emt 0:00:41]} 41. Kxg3 {[%emt 0:00:06]} Nf8 {[%emt 0:01:49]} 42. b5 {[%emt 0:00:44]} Nd7 {[%emt 0:01:48]} 43. bxc6 {[%emt 0:00:29]} bxc6 {[%emt 0:00:04]} 44. Bxc6 {[%emt 0:00:07]} Nxc5 {[%emt 0:00:03]} 45. Kf4 {[%emt 0:00:23]} f6 {[%emt 0:09:34]} 46. Ke3 {[%emt 0:01:32]} Kh7 {[%emt 0:03:32]} 47. Kd4 {[%emt 0:00:11]} Nb3+ {[%emt 0:07:54]} 48. Kc3 {[%emt 0:02:10]} Nc5 {[%emt 0:04:16]} 49. Kc4 {[%emt 0:00:25]} Na6 {[%emt 0:00:18]} 50. Be4 {[%emt 0:00:54]} Kh6 {[%emt 0:04:03]} 51. Kd5 {[%emt 0:03:16]} Kg5 {[%emt 0:18:22]} 52. Kc6 {[%emt 0:00:43]} Kf4 {[%emt 0:00:22]} 53. Bd3 {[%emt 0:00:14]} Nb8+ {[%emt 0:00:10]} 54. Kc7 {[%emt 0:00:07]} Na6+ {[%emt 0:00:12]} 55. Bxa6 {[%emt 0:00:08]} Kxf5 {[%emt 0:00:04]} 56. Kb7 {[%emt 0:00:31]} g5 {[%emt 0:00:09]} 57. Kxa7 {[%emt 0:00:05]} Ke5 {[%emt 0:00:59]} 58. a4 {[%emt 0:00:21]} f5 {[%emt 0:01:53]} 59. a5 {[%emt 0:00:09]} g4 {[%emt 0:01:33]} 60. Kb6 {[%emt 0:00:16]} f4 {[%emt 0:00:11]} 61. Bc8 {[%emt 0:00:38]} g3 {[%emt 0:00:25]} 62. Bb7 {[%emt 0:00:14]} Kd4 {[%emt 0:01:44]} 63. a6 {[%emt 0:00:06]} Ke3 {[%emt 0:00:03]} 64. a7 {[%emt 0:00:11]} f3 {[%emt 0:00:03]} 65. Bxf3 {[%emt 0:00:45]} Kxf3 {[%emt 0:00:04]} 66. a8=Q+ {[%emt 0:00:08]} Kf2 {[%emt 0:00:04]} 67. Qf8+ {[%emt 0:00:08]} Kg1 {[%emt 0:00:10]} 68. Kc5 {[%emt 0:00:20]} g2 {[%emt 0:00:09]} 69. Kd4 {[%emt 0:00:23]} Kh2 {[%emt 0:00:18]} 70. Qf4+ {[%emt 0:00:41]} Kh3 {[%emt 0:00:17]} 71. Qf2 {[%emt 0:00:12]} Kh2 {[%emt 0:00:42]} 72. Qh4+ {[%emt 0:00:07]} Kg1 {[%emt 0:00:04]} 73. Ke3 {[%emt 0:00:07]} Kf1 {[%emt 0:00:09]} 74. Qf2# {[%emt 0:00:05]} 1-0

[Event "EYCC Open U10 2021"]
[Site "Tornelo"]
[Date "2021.10.15"]
[Round "6.12"]
[White "Zecha, Oscar"]
[Black "Ekmekcioglu, Gokdeniz"]
[Result "1-0"]
[WhiteElo "1612"]
[BlackElo "1463"]
[Annotator "NA RC"]
[PlyCount "79"]
[EventDate "2021.10.15"]
[EventType "swiss"]
[EventCountry "NET"]
[SourceTitle "playchess.com"]
[Source "ChessBase"]
[SourceQuality "1"]
[TimeControl "5400+30"]

1. d4 {[%emt 0:00:30]} Nf6 {[%emt 0:00:46]} 2. c4 {[%emt 0:00:03]} e6 {[%emt 0:01:53]} 3. Nf3 {[%emt 0:00:04]} d5 {[%emt 0:00:06]} 4. g3 {[%emt 0:00:03]} c6 {[%emt 0:00:04]} 5. Bg2 {[%emt 0:00:09]} Bd6 {[%emt 0:00:02]} 6. O-O {[%emt 0:06:08]} O-O {[%emt 0:01:01]} 7. Nc3 {[%emt 0:00:17]} Nbd7 {[%emt 0:00:48]} 8. Re1 {[%emt 0:03:45]} dxc4 {[%emt 0:02:12]} 9. a4 {[%emt 0:03:15]} Nd5 {[%emt 0:03:30]} 10. Bd2 {[%emt 0:06:33]} Rb8 {[%emt 0:04:42]} 11. e4 {[%emt 0:01:59]} Nxc3 {[%emt 0:00:25]} 12. Bxc3 {[%emt 0:00:03]} b5 {[%emt 0:01:00]} 13. axb5 {[%emt 0:00:42]} cxb5 {[%emt 0:00:16]} 14. Rxa7 {[%emt 0:00:57]} Qb6 {[%emt 0:02:00]} 15. Ra1 {[%emt 0:01:24]} b4 {[%emt 0:04:07]} 16. Bd2 {[%emt 0:00:16]} Ba6 {[%emt 0:01:47]} 17. Be3 {[%emt 0:05:04]} Qb5 {[%emt 0:02:34]} 18. b3 {[%emt 0:03:24]} Nb6 {[%emt 0:07:25]} 19. Nd2 {[%emt 0:02:44]} c3 {[%emt 0:07:31]} 20. Bf1 {[%emt 0:00:52]} cxd2 {[%emt 0:00:55]} 21. Qxd2 {[%emt 0:01:03]} Qc6 {[%emt 0:00:40]} 22. Rxa6 {[%emt 0:00:33]} Qxe4 {[%emt 0:01:50]} 23. d5 {[%emt 0:00:58]} Nxd5 {[%emt 0:02:30]} 24. Rxd6 {[%emt 0:00:54]} Nxe3 {[%emt 0:00:24]} 25. Qxe3 {[%emt 0:00:47]} Qc2 {[%emt 0:00:29]} 26. Bd3 {[%emt 0:01:28]} Qa2 {[%emt 0:00:39]} 27. Ra6 {[%emt 0:06:46]} Qb2 {[%emt 0:00:21]} 28. Ra7 {[%emt 0:01:30]} g6 {[%emt 0:00:21]} 29. Bc4 {[%emt 0:00:23]} Qf6 {[%emt 0:01:13]} 30. Qe5 {[%emt 0:00:34]} Qd8 {[%emt 0:02:13]} 31. Qc7 {[%emt 0:02:10]} Qd2 {[%emt 0:01:06]} 32. Rxe6 {[%emt 0:00:54]} Rbc8 {[%emt 0:00:41]} 33. Qe5 {[%emt 0:01:51]} Qc1+ {[%emt 0:01:16]} 34. Kg2 {[%emt 0:00:21]} Rxc4 {[%emt 0:00:28]} 35. bxc4 {[%emt 0:00:48]} Qxc4 {[%emt 0:00:04]} 36. Rb6 {[%emt 0:02:04]} b3 {[%emt 0:00:37]} 37. Rab7 {[%emt 0:02:12]} b2 {[%emt 0:00:54]} 38. Rb8 {[%emt 0:01:43]} b1=Q {[%emt 0:00:35]} 39. Rxb1 {[%emt 0:00:32]} Qc6+ {[%emt 0:00:13]} 40. Kg1 {[%emt 0:00:05]} 1-0

[Event "EYCC Open U10 2021"]
[Site "Tornelo"]
[Date "2021.10.15"]
[Round "7.1"]
[White "Negrean, Andrei"]
[Black "Temirbekov, Taimaz"]
[Result "1-0"]
[WhiteElo "1847"]
[BlackElo "1573"]
[Annotator "NA RC"]
[PlyCount "63"]
[EventDate "2021.10.15"]
[EventType "swiss"]
[EventCountry "NET"]
[SourceTitle "playchess.com"]
[Source "ChessBase"]
[SourceQuality "1"]
[TimeControl "5400+30"]

1. e4 {[%emt 0:00:30]} c5 {[%emt 0:00:36]} 2. Nf3 {[%emt 0:00:09]} d6 {[%emt 0:00:07]} 3. Bb5+ {[%emt 0:00:23]} Bd7 {[%emt 0:00:11]} 4. Bxd7+ {[%emt 0:00:21]} Qxd7 {[%emt 0:00:05]} 5. O-O {[%emt 0:00:25]} Nf6 {[%emt 0:00:10]} 6. e5 {[%emt 0:00:36]} dxe5 {[%emt 0:00:06]} 7. Nxe5 {[%emt 0:00:08]} Qc7 {[%emt 0:00:06]} 8. d4 {[%emt 0:02:42]} cxd4 {[%emt 0:00:07]} 9. Qxd4 {[%emt 0:00:29]} Nc6 {[%emt 0:00:14]} 10. Nxc6 {[%emt 0:01:05]} Qxc6 {[%emt 0:00:18]} 11. Bg5 {[%emt 0:18:03]} Ne4 {[%emt 0:00:14]} 12. Be3 {[%emt 0:02:12]} e6 {[%emt 0:01:49]} 13. c4 {[%emt 0:02:54]} Be7 {[%emt 0:01:02]} 14. Nc3 {[%emt 0:04:34]} Nxc3 {[%emt 0:00:41]} 15. Qxc3 {[%emt 0:01:38]} O-O {[%emt 0:08:03]} 16. Rfd1 {[%emt 0:12:58]} a5 {[%emt 0:03:56]} 17. Rd3 {[%emt 0:06:33]} Rfc8 {[%emt 0:14:27]} 18. c5 {[%emt 0:08:18]} Bxc5 {[%emt 0:02:20]} 19. Bxc5 {[%emt 0:00:31]} Qxc5 {[%emt 0:00:06]} 20. Rd8+ {[%emt 0:00:22]} Qf8 {[%emt 0:01:00]} 21. Rxf8+ {[%emt 0:00:08]} Kxf8 {[%emt 0:00:04]} 22. Qb3 {[%emt 0:01:06]} Rab8 {[%emt 0:00:15]} 23. Qa3+ {[%emt 0:00:18]} Kg8 {[%emt 0:00:06]} 24. Qxa5 {[%emt 0:00:22]} Ra8 {[%emt 0:00:07]} 25. Qd2 {[%emt 0:00:22]} Rd8 {[%emt 0:00:06]} 26. Qe2 {[%emt 0:00:10]} g6 {[%emt 0:00:17]} 27. g3 {[%emt 0:00:32]} Rd5 {[%emt 0:01:06]} 28. a4 {[%emt 0:01:11]} h5 {[%emt 0:00:29]} 29. Rd1 {[%emt 0:00:17]} Rad8 {[%emt 0:00:36]} 30. Rxd5 {[%emt 0:00:06]} Rxd5 {[%emt 0:00:05]} 31. b4 {[%emt 0:00:07]} Kg7 {[%emt 0:00:07]} 32. a5 {[%emt 0:00:08]} 1-0

[Event "EYCC Open U10 2021"]
[Site "Tornelo"]
[Date "2021.10.15"]
[Round "7.2"]
[White "Oikonomopoulos, Filippos"]
[Black "Petukhov, Dmitriy"]
[Result "1/2-1/2"]
[WhiteElo "1650"]
[BlackElo "1769"]
[Annotator "NA RC"]
[PlyCount "141"]
[EventDate "2021.10.15"]
[EventType "swiss"]
[EventCountry "NET"]
[SourceTitle "playchess.com"]
[Source "ChessBase"]
[SourceQuality "1"]
[TimeControl "5400+30"]

1. d4 {[%emt 0:00:30]} d5 {[%emt 0:00:35]} 2. Bf4 {[%emt 0:00:04]} Nf6 {[%emt 0:00:08]} 3. e3 {[%emt 0:00:10]} c5 {[%emt 0:00:07]} 4. c3 {[%emt 0:00:12]} e6 {[%emt 0:00:09]} 5. Nd2 {[%emt 0:00:14]} Nc6 {[%emt 0:00:11]} 6. Ngf3 {[%emt 0:00:12]} Bd6 {[%emt 0:00:34]} 7. Bg3 {[%emt 0:03:44]} Bxg3 {[%emt 0:02:09]} 8. hxg3 {[%emt 0:00:10]} Qe7 {[%emt 0:07:01]} 9. Ne5 {[%emt 0:01:13]} cxd4 {[%emt 0:01:48]} 10. exd4 {[%emt 0:00:19]} Nxe5 {[%emt 0:09:45]} 11. dxe5 {[%emt 0:00:09]} Nd7 {[%emt 0:00:05]} 12. Nf3 {[%emt 0:02:24]} f6 {[%emt 0:09:30]} 13. Qd4 {[%emt 0:11:19]} f5 {[%emt 0:14:29]} 14. Bd3 {[%emt 0:14:08]} Nc5 {[%emt 0:05:28]} 15. O-O {[%emt 0:05:16]} O-O {[%emt 0:00:54]} 16. Qe3 {[%emt 0:09:56]} Bd7 {[%emt 0:04:49]} 17. Rfd1 {[%emt 0:08:11]} Be8 {[%emt 0:00:28]} 18. c4 {[%emt 0:15:14]} Bc6 {[%emt 0:04:51]} 19. Rac1 {[%emt 0:03:18]} Rac8 {[%emt 0:06:57]} 20. Bb1 {[%emt 0:04:51]} dxc4 {[%emt 0:07:41]} 21. Rxc4 {[%emt 0:00:54]} Bd5 {[%emt 0:00:11]} 22. Rcc1 {[%emt 0:02:37]} b6 {[%emt 0:04:59]} 23. Nd4 {[%emt 0:01:13]} g6 {[%emt 0:01:11]} 24. Nb5 {[%emt 0:01:52]} Rfd8 {[%emt 0:00:55]} 25. Nd6 {[%emt 0:01:45]} Rc7 {[%emt 0:00:18]} 26. b4 {[%emt 0:02:10]} Nb7 {[%emt 0:00:29]} 27. Rxc7 {[%emt 0:01:20]} Qxc7 {[%emt 0:00:05]} 28. Rc1 {[%emt 0:00:13]} Qd7 {[%emt 0:00:09]} 29. Nxb7 {[%emt 0:02:10]} Qxb7 {[%emt 0:00:21]} 30. f3 {[%emt 0:00:56]} Rc8 {[%emt 0:00:35]} 31. Rc3 {[%emt 0:00:32]} Qa6 {[%emt 0:01:29]} 32. a3 {[%emt 0:01:52]} Rc4 {[%emt 0:01:48]} 33. Qe2 {[%emt 0:01:28]} b5 {[%emt 0:00:18]} 34. Rxc4 {[%emt 0:02:06]} bxc4 {[%emt 0:00:08]} 35. Qe3 {[%emt 0:00:13]} Qa4 {[%emt 0:05:14]} 36. Qg5 {[%emt 0:01:38]} Qd1+ {[%emt 0:00:21]} 37. Kh2 {[%emt 0:00:06]} Bc6 {[%emt 0:01:38]} 38. Qe7 {[%emt 0:00:44]} Qd5 {[%emt 0:00:41]} 39. Ba2 {[%emt 0:02:30]} a6 {[%emt 0:00:25]} 40. Qd6 {[%emt 0:01:00]} Bb5 {[%emt 0:01:53]} 41. Qb8+ {[%emt 0:00:50]} Kg7 {[%emt 0:00:34]} 42. Qc7+ {[%emt 0:00:12]} Kh6 {[%emt 0:00:20]} 43. a4 {[%emt 0:00:14]} Bc6 {[%emt 0:00:47]} 44. Qb6 {[%emt 0:01:22]} Bxa4 {[%emt 0:00:21]} 45. Qxa6 {[%emt 0:00:14]} Bb3 {[%emt 0:02:24]} 46. Qa3 {[%emt 0:00:37]} Qxe5 {[%emt 0:01:22]} 47. Qc1+ {[%emt 0:01:05]} g5 {[%emt 0:00:24]} 48. Bxb3 {[%emt 0:00:30]} cxb3 {[%emt 0:00:03]} 49. Qc4 {[%emt 0:00:06]} Qd5 {[%emt 0:00:41]} 50. Qc3 {[%emt 0:00:25]} Kg6 {[%emt 0:00:24]} 51. f4 {[%emt 0:00:40]} gxf4 {[%emt 0:00:22]} 52. gxf4 {[%emt 0:00:04]} Qd1 {[%emt 0:01:53]} 53. Qe3 {[%emt 0:00:46]} Qd5 {[%emt 0:00:44]} 54. Qc3 {[%emt 0:00:19]} Qe4 {[%emt 0:02:39]} 55. Qxb3 {[%emt 0:00:24]} Qxf4+ {[%emt 0:00:02]} 56. Qg3+ {[%emt 0:00:50]} Qxg3+ {[%emt 0:00:04]} 57. Kxg3 {[%emt 0:00:02]} Kf6 {[%emt 0:00:05]} 58. b5 {[%emt 0:00:02]} Ke5 {[%emt 0:00:28]} 59. b6 {[%emt 0:00:04]} Kd6 {[%emt 0:00:36]} 60. Kf4 {[%emt 0:00:07]} h5 {[%emt 0:01:03]} 61. g3 {[%emt 0:02:12]} Kc6 {[%emt 0:00:10]} 62. Ke5 {[%emt 0:00:31]} Kxb6 {[%emt 0:00:16]} 63. Kxe6 {[%emt 0:00:05]} f4 {[%emt 0:00:56]} 64. gxf4 {[%emt 0:00:04]} h4 {[%emt 0:00:03]} 65. f5 {[%emt 0:00:02]} h3 {[%emt 0:00:03]} 66. f6 {[%emt 0:00:03]} h2 {[%emt 0:00:04]} 67. f7 {[%emt 0:00:02]} h1=Q {[%emt 0:00:05]} 68. f8=Q {[%emt 0:00:04]} Qe1+ {[%emt 0:00:03]} 69. Kf7 {[%emt 0:00:03]} Qf2+ {[%emt 0:00:05]} 70. Kg8 {[%emt 0:00:03]} Qxf8+ {[%emt 0:00:03]} 71. Kxf8 {[%emt 0:00:02]} 1/2-1/2